Guess the famous Korean actors & actresses - Statistics

General Stats
  • This quiz has been taken 419 times
  • The average score is 12 of 15
Answer Stats
Picture Hint Answer % Correct
Hotel De Luna IU
91%
Descendants of the Sun Song Joong Ki
91%
My ID is Gangnam Beauty Cha Eun Woo
89%
Boys Over Flowers Lee Min Ho
89%
Itaewon Class Park Seo Joon
85%
It's Okay to Not be Okay Kim Soo Hyun
79%
W Lee Jong Suk
79%
K2 Ji Chang Wook
78%
The Heirs Park Shin Hye
78%
Uncontrollably Fond Kim Woo Bin
77%
Descendants of the Sun Song Hye Kyo
75%
Start Over Suzy
69%
True Beauty Moon Ga Young
67%
Love Alarm Kim So Hyun
63%
Weightlifting Fairy Kim Bok Joo Lee Sung Kyung
59%
No matching quizzes found
Score Distribution
Percent of People with Each Score
Percentile by Number Answered
Your Score History
You have not taken this quiz